| 000 | 00340 a2200145 4500 | ||
|---|---|---|---|
| 001 | 73486 | ||
| 082 | _a621.4021 JON | ||
| 090 |
_c38914 _d38914 |
||
| 100 | _aJones,JB | ||
| 245 |
_aEngineering Thermodynamics _cJ.B Jones |
||
| 250 | _a2ND | ||
| 260 |
_aUSA _bWiley _c1986 |
||
| 300 | _a838p. | ||
| 500 | _aBE Textbook (Aerospace Dept) | ||
| 942 |
_aNUST-CAE _k621.4021 JON |
||
| 999 |
_c308559 _d308559 |
||